वक्रेश्वर की भैरवी / (Record no. 104093)
[ view plain ]
| 000 -LEADER | |
|---|---|
| fixed length control field | 01108nam a22002417a 4500 |
| 005 - DATE AND TIME OF LATEST TRANSACTION | |
| control field | 20250407151645.0 |
| 010 ## - LCCN (DPL NO) | |
| LC control number | HIN-109599 HIN-129655 |
| 020 ## - INTERNATIONAL STANDARD BOOK NUMBER | |
| Terms of availability | 200.00 |
| International Standard Book Number | 9788171249589 |
| 020 ## - INTERNATIONAL STANDARD BOOK NUMBER | |
| Terms of availability | 250.00 |
| 035 ## - SYSTEM CONTROL NUMBER | |
| System control number | HN-81945 HN-102001 |
| 037 ## - SOURCE OF ACQUISITION | |
| Source of stock number/acquisition | DBAD/PUB |
| 082 ## - DEWEY DECIMAL CLASSIFICATION NUMBER | |
| Classification number | क |
| 100 ## - MAIN ENTRY--PERSONAL NAME | |
| Personal name | शर्मा, अरूणकुमार |
| 245 ## - TITLE STATEMENT | |
| Title | वक्रेश्वर की भैरवी / |
| Statement of responsibility, etc | अरूणकुमार शर्मा |
| 250 ## - EDITION STATEMENT | |
| Edition statement | तीसरा |
| 260 ## - PUBLICATION, DISTRIBUTION, ETC. (IMPRINT) | |
| Place of publication, distribution, etc | वाराणसी (उ.प्र.) |
| Name of publisher, distributor, etc | विश्वविद्यालय प्रकाशन |
| Date of publication, distribution, etc | 2013 |
| 260 ## - PUBLICATION, DISTRIBUTION, ETC. (IMPRINT) | |
| Date of publication, distribution, etc | 2022 |
| 270 ## - ADDRESS | |
| Address | पो.बाँ.1149,विशालाक्षी भवन, चौक |
| City | वाराणसी (उ.प्र.) |
| Postal code | 221001 |
| Telephone number | (0542)-2413741 |
| Electronic mail address | sales@vvpbooks.com |
| 300 ## - PHYSICAL DESCRIPTION | |
| Extent | 204प्. |
| Other physical details | 22 सेमी (अजिल्द) |
| 500 ## - GENERAL NOTE | |
| General note | सत्य घटनाऔे पर आधारित यौग तंत्रपरक कथाएँ |
| 650 ## - SUBJECT ADDED ENTRY--TOPICAL TERM | |
| Topical term or geographic name as entry element | हिन्दी लघु-कथाए |
| 942 ## - ADDED ENTRY ELEMENTS (KOHA) | |
| Source of classification or shelving scheme | Dewey Decimal Classification |
| Item type | Hindi Books |
| Classification part | क |
| Call number suffix | शर्माअ |
| Withdrawn status | Lost status | Not for loan | Collection code | Home library | Current library | Date acquired | Source of acquisition | Cost, normal purchase price | Full call number | Barcode | Copy number | Cost, replacement price | Koha item type |
|---|---|---|---|---|---|---|---|---|---|---|---|---|---|
| Not For Loan | Fiction | D.B.Act.Division | Bawana | 20/10/2016 | DBAD/PUB. | 200.00 | क शर्माअ | HN-81945 | 1 | 200.00 | Hindi Books | ||
| Fiction | Patel Nagar | Patel Nagar | 07/04/2025 | DBAD | 250.00 | क शर्माअ | HN-102001 | 1 | 250.00 | Hindi Books |
